000 00257nam a2200097Ia 4500
001 657834
005 20250826154623.0
008 250824s9999 xx 000 0 und d
245 0 _aRUBY ROGERS BU DÜNYADA FAZLALIK MIYIM?
_cSUE LİMB
260 _bALTIN KİTAPLAR
999 _c657834
_d657834